000 00331nam a2200133Ia 4500
008 191201s2015 xx 000 0 und d
100 _aSAXENA,S C
245 0 _aText Book of Railway Engineering
250 _a8th
260 _c2015
_bDhanpat Rai Pubns (P) Ltd
_aNew Delhi
300 _aMisc
650 _aCIVIL
942 _2ddc
_cBB
_01
999 _c7698
_d7698